Walchand Hirachand: man, his times and achievements (Record no. 369150)

000 -LEADER
fixed length control field 00366cam a22001217a 4500
008 - FIXED-LENGTH DATA ELEMENTS--GENERAL INFORMATION
fixed length control field 180718b1969 xxu||||| |||| 00| 0 eng d
082 ## - DEWEY DECIMAL CLASSIFICATION NUMBER
Classification number A99 H613/K527
100 ## - MAIN ENTRY--PERSONAL NAME
Personal name Khanolkar, G.D.
245 ## - TITLE STATEMENT
Title Walchand Hirachand: man, his times and achievements
Statement of responsibility, etc. by G.D. Khanolkar
260 ## - PUBLICATION, DISTRIBUTION, ETC.
Place of publication, distribution, etc. Bombay
Name of publisher, distributor, etc. Walchand
Date of publication, distribution, etc. 1969
300 ## - PHYSICAL DESCRIPTION
Extent 679p.
650 ## - SUBJECT ADDED ENTRY--TOPICAL TERM
Topical term or geographic name entry element Hirachand, Walchan,d 1882-1953
Holdings
Withdrawn status Lost status Damaged status Not for loan Permanent Location Current Location Date acquired Full call number Barcode Date last seen Price effective from Koha item type
        Indian Institute of Public Administration Indian Institute of Public Administration 1994-05-30 A99 H613/K527 43251 2018-07-21 2018-07-21 Book

Powered by Koha